Central Library OPAC University of Rajshahi

The science of logic : (Record no. 30076)

MARC details
000 -LEADER
fixed length control field 01052cam a22003011 4500
001 - CONTROL NUMBER
control field 30076
003 - CONTROL NUMBER IDENTIFIER
rucl marc code BD-RjUL
005 - DATE AND TIME OF LATEST TRANSACTION
control field 20211209051516.0
008 - FIXED-LENGTH DATA ELEMENTS--GENERAL INFORMATION
fixed length control field 140408r19381912nyu 001 0 eng d
035 ## - SYSTEM CONTROL NUMBER
System control number (BD-RjUL)30161
System control number (OCoLC)1338611
040 ## - CATALOGING SOURCE
Original cataloging agency DLC
Transcribing agency TxU-Da
Modifying agency DLC
-- BD-RjUL
Language of cataloging eng
041 ## - LANGUAGE CODE
Language code of text/sound track or separate title eng
082 ## - DEWEY DECIMAL CLASSIFICATION NUMBER
Classification number 160
Author mark and year COS V-2 1938
100 1# - MAIN ENTRY--PERSONAL NAME
Personal name Coffey, P.
Fuller form of name (Peter),
Dates associated with a name 1876-1943.
9 (RLIN) 91465
245 14 - TITLE STATEMENT
Title The science of logic :
Remainder of title an inquiry into the principles of accurate thought and scientific method /
Statement of responsibility, etc. by P. Coffey.
Number of part/section of a work Vol II :
Name of part/section of a work Method, Science and Certitude
260 ## - PUBLICATION, DISTRIBUTION, ETC. (IMPRINT)
Place of publication, distribution, etc. New York :
Name of publisher, distributor, etc. P. Smith,
Date of publication, distribution, etc. 1912 [reprinted 1938]
300 ## - PHYSICAL DESCRIPTION
Pagination 359 p. :
Illustrations ill. ;
Size 24 cm.
500 ## - GENERAL NOTE
General note "First published, 1912; reprinted 1938."
504 ## - BIBLIOGRAPHY, ETC. NOTE
Bibliography, etc Includes Index
505 0# - FORMATTED CONTENTS NOTE
Formatted contents note I. Conception, judgment, and inference.--II. Method, science, and certitude.
650 #0 - SUBJECT ADDED ENTRY--TOPICAL TERM
Topical term or geographic name as entry element Logic.
9 (RLIN) 91466
Topical term or geographic name as entry element Thought and thinking.
9 (RLIN) 91467
Topical term or geographic name as entry element Science
General subdivision Methodology.
9 (RLIN) 91468
942 ## - ADDED ENTRY ELEMENTS (KOHA)
Source of classification or shelving scheme Dewey Decimal Classification
Koha item type Books
Holdings
Lost status Source of classification or shelving scheme Damaged status Not for loan Collection code Permanent Location Current Location Shelving location Date acquired Source of acquisition Cost, normal purchase price Total Checkouts Full call number Date last seen Copy number Koha item type
  Dewey Decimal Classification   Added to bundle Non-fiction Central Library, University of Rajshahi Central Library, University of Rajshahi Reading Room 10/02/1970 Zeit 42.00   160 COS V-2 1938 08/04/2014 C-1 Books